|
|
|
|
| LEADER |
00000nam0a2200000 4500 |
| 001 |
277225 |
| 005 |
20231101235009.0 |
| 035 |
|
|
|a (RuTPU)RU\TPU\book\300498
|
| 090 |
|
|
|a 277225
|
| 100 |
|
|
|a 20141201d1985 km y0gery50 ba
|
| 101 |
0 |
|
|a eng
|
| 102 |
|
|
|a DE
|
| 105 |
|
|
|a a z 001zy
|
| 200 |
1 |
|
|a Flussige Kristalle
|d eine einfuhrung in ihre anwendung
|f H. D. Koswig
|
| 210 |
|
|
|a Berlin
|c Veb Deutscher Veriag der Wissenschaften
|d 1985
|
| 215 |
|
|
|a 158 p.
|c il.
|
| 320 |
|
|
|a Sachverzeichnis: p. 158
|
| 606 |
1 |
|
|a Физика жидкого состояния
|2 stltpush
|3 (RuTPU)RU\TPU\subj\63717
|9 80695
|
| 610 |
1 |
|
|a агрегатные состояния
|
| 610 |
1 |
|
|a вещество
|
| 610 |
1 |
|
|a жидкокристаллические вещества
|
| 610 |
1 |
|
|a магнитные поля
|
| 610 |
1 |
|
|a электрические поля
|
| 610 |
1 |
|
|a оптические свойства
|
| 610 |
1 |
|
|a жидкокристаллические индикаторы
|
| 610 |
1 |
|
|a жидкокристаллические экраны
|
| 610 |
1 |
|
|a измерения
|
| 610 |
1 |
|
|a температура
|
| 610 |
1 |
|
|a медицинская диагностика
|
| 610 |
1 |
|
|a применение
|
| 610 |
1 |
|
|a нематическое состояние
|
| 610 |
1 |
|
|a холестерические кристаллы
|
| 610 |
1 |
|
|a немецкий язык
|
| 675 |
|
|
|a 532.7
|v 4
|
| 700 |
|
1 |
|a Koswig
|b H. D.
|g Hans Dieter
|
| 801 |
|
1 |
|a RU
|b 63413507
|c 20141201
|
| 801 |
|
2 |
|a RU
|b 63413507
|c 20171220
|g RCR
|
| 942 |
|
|
|c BK
|